00574 2200205 4500001002100000005001700021008004100038035002400079082001400103090002100117111002800138245006400166260004200230300003000272650001700302850001500319980001300334985000600347999001500353YOGYA-0209000003507420090227024952.0 ind  0010-020900000035074 a992.212 2 a992.212 2bKot S aKOTAPRAJA, JAKARTA RAJA aSejarah pemerintahan kota DjakartacKotapraja Djakarta Raja aJakartabKotapraja Jakarta Rayac1958 avii, 192 hlmbilusc24 cm aKota Jakarta aYOPDYOG(B) a27-12-06 a1 a0000000106